| 000 | 01025cam a22002054a 4500 | ||
|---|---|---|---|
| 005 | 20250605164136.0 | ||
| 008 | 250528s ||||||||||||||||||||||||d | ||
| 035 | _a18771 | ||
| 020 | _a844817430 | ||
| 040 |
_aGR-AtMCL _bgre _dGR-AtMCL _eAACR2 |
||
| 245 | 1 | _aTourism Planning / Basics, Concepts, Cases: Third Edition | |
| 250 | _a3rd | ||
| 260 |
_bTaylor And Francis, _c1994 |
||
| 300 | _a460 | ||
| 520 | _aThis volume integrates the idea of balancing tourism with protection of the resources on which it depends. Foreword, Preface, Introduction, The Basics, The Purpose of Tourism Planning, Tourism as a System, Components of Supply, Growth and Sustainable Development, Concepts and Examples of Tourism Planning, Regional Planning Concepts, Regional Planning Cases, Destination Planning Concepts, Destination Planning Cases, Site Planning Concepts, Site Planning Cases, Conclusions and Principles, Index, About the Author. | ||
| 700 | 1 |
_aGunn Clare A _95018 |
|
| 942 | _cBK | ||
| 999 |
_c4087 _d4087 |
||